Flags of Muslim Countries - Sudden Death - Statistics

General Stats
  • This quiz has been taken 6,812 times
    2,363 since last reset
  • The average score is 7 of 19
Answers on the Grid
Answers color-coded by a green-red scale on the quiz's grid according to % correct below.
 
Answer Stats
Answer % Correct
Bahrain
75%
Albania
69%
Bangladesh
68%
Bosnia and Herzegovina
52%
Turkey
44%
Saudi Arabia
43%
Tunisia
39%
Comoros
38%
Syria
38%
Sudan
38%
Lebanon
38%
Kosovo
28%
Uzbekistan
27%
Somalia
24%
Kyrgyzstan
20%
Indonesia
20%
Niger
17%
Guinea
9%
Sierra Leone
5%
No matching quizzes found
Score Distribution
Percent of People with Each Score
Percentile by Number Answered
Your Score History
You have not taken this quiz since the last reset